00840 a2200217 45000050016000000200023000160350013000390370045000520820008000971000029001052450098001342500033002322600031002652700090002963000031003865000024004175000046004419420026004879990015005139520094005282011062305045.0 a8121910366c295.00 aB-210648 bRP-ZLS-2687 / UBH-07-08:2 / RP-07-08:ENG14a3011 aShankar Rao, C.N.9287141 aSociologybprincipal of sociology with an introduction to social thoughtcby C.N. Shankar Rao a6th rev ed & reprint in 2007 aNew DelhibS. Chandc2007r a7631, Ram Nagar,bNew DelhicDelhie110055k23672080l91-11-23677446mschand@vsnl.com axiv, 891, 4 pc24 cm (pbk) ainclude biblography a revised &reprint of 6th edition in 2007 adplcENk301 SHA2ddc c1753d1753 0010407-18NFICaZLSbZLSg295.00l0o301pB-210648r2008-09-15 00:00:00t1v295.00yEN